000 00284nam a2200121Ia 4500
008 190216s9999||||xx |||||||||||||| ||und||
100 _aBhalvendra Bhooshan Sinh
245 0 _aHindi-Abhi Samay Hei
260 _bAmsh Prakashan
_c2007
300 _a102
650 _aHindi
942 _cBK
999 _c16502
_d16502